| 000 | 01024aam a2200337 4500 | ||
|---|---|---|---|
| 005 | 20170814150219.0 | ||
| 008 | 150508b xxu||||| |||| 00| 0 spa d | ||
| 041 | _aspa | ||
| 082 | _a1.0.1 R173g3 | ||
| 100 |
_aRamírez Cavassa, César _9893 |
||
| 245 | _aGestión administrativa para empresas turísticas | ||
| 250 | _a3 edición | ||
| 260 |
_aMéxico _bTrillas _c2007 |
||
| 300 | _a354 páginas | ||
| 650 |
_aTURISMO _9894 |
||
| 650 |
_aADMINISTRACIÓN TURÍSTICA _96809 |
||
| 650 |
_aEMPRESA TURÍSTICA _924811 |
||
| 650 |
_aCONTROL ADMINISTRATIVO _92739 |
||
| 650 |
_aCOMUNICACIÓN _9490 |
||
| 650 |
_aORGANIZACIÓN _9805 |
||
| 650 |
_aMERCADEO TURÍSTICO _91910 |
||
| 650 |
_aPOLÍTICA EMPRESARIAL _924812 |
||
| 650 |
_aFINANZAS _928 |
||
| 650 |
_aRELACIONES PÚBLICAS _9488 |
||
| 650 |
_aPLANEACIÓN _943770 |
||
| 650 |
_aGLOBALIZACIÓN _943771 |
||
| 650 |
_aSISTEMAS DE DIRECCIÓN _924815 |
||
| 650 |
_aCOMPORTAMIENTO ORGANIZACIONAL _92998 |
||
| 650 |
_aCICLO DE VIDA EMPRESARIAL _924816 |
||
| 942 | _cBK | ||
| 999 |
_c5275 _d5275 |
||